La España vertebrada : (Registro nro. 8442)
[ vista simple ]
| 000 -CABECERA | |
|---|---|
| campo de control de longitud fija | 01045nam a2200337 c 4500 |
| 001 - NÚMERO DE CONTROL | |
| campo de control | 991045246749708606 |
| 003 - IDENTIFICADOR DEL NÚMERO DE CONTROL | |
| campo de control | SpMaBN |
| 005 - FECHA Y HORA DE LA ÚLTIMA TRANSACCIÓN | |
| campo de control | 20250828153715.0 |
| 008 - DATOS DE LONGITUD FIJA--INFORMACIÓN GENERAL | |
| campo de control de longitud fija | 221020s2022 sp | |||| 000 0 spa |
| 015 ## - NÚMERO DE BIBLIOGRAFÍA NACIONAL | |
| Número de bibliografía nacional | MON22 |
| 017 ## - NÚMERO DE COPYRIGHT O DE DEPÓSITO LEGAL | |
| Número de copyright o de depósito legal | SE 1534-2022 |
| Agencia que asigna | Oficina Depósito Legal Sevilla |
| 020 ## - NÚMERO INTERNACIONAL ESTÁNDAR DEL LIBRO | |
| Número Internacional Estándar del Libro | 9788419231628 |
| 035 ## - NÚMERO DE CONTROL DEL SISTEMA | |
| Número de control de sistema | (SpMaBN)a7178366 |
| 040 ## - FUENTE DE LA CATALOGACIÓN | |
| Centro catalogador/agencia de origen | SpMaBN |
| Lengua de catalogación | spa |
| Centro/agencia transcriptor | SpMaBN |
| Normas de descripción | rda |
| 082 ## - NÚMERO DE LA CLASIFICACIÓN DECIMAL DEWEY | |
| Número de clasificación | 946 T172 2022 |
| 100 1# - ENTRADA PRINCIPAL--NOMBRE DE PERSONA | |
| Autor Personal | Tapiador, Francisco J. |
| Fechas asociadas al autor | 1973- |
| 245 13 - MENCIÓN DE TÍTULO | |
| Título | La España vertebrada : |
| Resto del título | un ensayo geográfico / |
| Mención de responsabilidad, etc. | Francisco J. Tapiador |
| 264 #1 - PRODUCCIÓN, PUBLICACIÓN, DISTRIBUCIÓN, FABRICACIÓN Y COPYRIGHT | |
| Producción, publicación, distribución, fabricación y copyright | Valencina : |
| Nombre del de productor, editor, distribuidor, fabricante | Renacimiento, |
| Fecha de producción, publicación, distribución, fabricación o copyright | 2022 |
| 300 ## - DESCRIPCIÓN FÍSICA | |
| Extensión | 258 páginas |
| 336 ## - TIPO DE CONTENIDO | |
| Término de tipo de contenido | Texto |
| Fuente | rdacontent |
| 337 ## - TIPO DE MEDIO | |
| Nombre/término del tipo de medio | sin mediación |
| Fuente | rdamedia |
| 338 ## - TIPO DE SOPORTE | |
| Nombre/término del tipo de soporte | volumen |
| Fuente | rdacarrier |
| 490 0# - MENCIÓN DE SERIE | |
| Mención de serie | Los cuatro vientos |
| Designación de volumen o secuencia | 207 |
| 504 ## - NOTA DE BIBLIOGRAFÍA, ETC. | |
| Nota de bibliografía, etc. | Incluye referencias bibliográficas |
| 651 #7 - PUNTO DE ACCESO ADICIONAL DE MATERIA--NOMBRE GEOGRÁFICO | |
| Nombre geográfico | España |
| Subdivisión general | Política y gobierno |
| Subdivisión cronológica | S.XXI |
| 651 #7 - PUNTO DE ACCESO ADICIONAL DE MATERIA--NOMBRE GEOGRÁFICO | |
| Nombre geográfico | España |
| Subdivisión general | Situación social |
| Subdivisión cronológica | S.XXI |
| 651 #7 - PUNTO DE ACCESO ADICIONAL DE MATERIA--NOMBRE GEOGRÁFICO | |
| Nombre geográfico | España |
| Subdivisión general | Situación económica |
| Subdivisión cronológica | S.XXI |
| 901 ## - ELEMENTOS DE DATOS A LOCAL LDA (RLIN) | |
| a | "ISBN" |
| 942 ## - ELEMENTOS DE PUNTO DE ACCESO ADICIONAL (KOHA) | |
| Fuente del sistema de clasificación o colocación | Dewey Decimal Classification |
| Tipo de ítem Koha | Libros |
| Catalogador | Elizabeth Figueroa |
| 956 ## - LOCALIZACIÓN Y ACCESO ELECTRÓNICOS LOCAL (OCLC) | |
| Nombre del host | 2 |
| Estado de retiro | Estado de pérdida | Fuente del sistema de clasificación o colocación | Estado dañado | No para préstamo | Código de colección | Localización permanente | Ubicación/localización actual | Ubicación en estantería | Fecha de adquisición | Número de inventario | Total de préstamos | Signatura topográfica completa | Código de barras | Fecha visto por última vez | Número de copia | Precio válido a partir de | Tipo de ítem Koha |
|---|---|---|---|---|---|---|---|---|---|---|---|---|---|---|---|---|---|
| Dewey Decimal Classification | Colección General | SIBM UNADE - Biblioteca Sede Central | SIBM UNADE - Biblioteca Sede Central | En estantería | 08/28/2025 | 25-03326 | 946 T172 2022 | 25-03326 | 08/28/2025 | e.1 | 08/28/2025 | Libros |
